Statistics for E6(常磐道など)のIC

Click here to take the quiz!

General Stats

  • This quiz has been taken 79 times
  • The average score is 40 of 66

Answer Stats

Answers% Correct
IC/JCT三郷
94%
SIC三郷
94%
JCTいわき
92%
JCTつくば
91%
IC水戸
89%
IC
86%
IC相馬
83%
IC高萩
82%
SA守谷
80%
JCT友部
80%
SA/SIC友部
80%
IC流山
78%
IC南相馬
77%
IC亘理
74%
IC北茨城
74%
IC亘理
74%
IC浪江
71%
IC岩沼
69%
IC名取
69%
ICいわき勿来
69%
IC広野
68%
IC桜土浦
66%
ICいわき湯本
65%
IC/PA日立中央
65%
PA/SIC東海
65%
IC谷田部
63%
IC仙台東
63%
IC那珂
63%
JCT利府
62%
JCT利府
62%
IC大熊
62%
IC新地
60%
IC日立北
60%
IC岩間
58%
IC仙台空港
58%
IC常磐富岡
57%
IC多賀城
57%
IC土浦北
57%
IC山元
55%
IC谷和原
55%
PA千代田
54%
SA中郷
54%
PA/SICならは
52%
IC千代田石岡
52%
IC仙台港
52%
PA/SIC鳥の海
52%
JCT富谷
51%
IC富谷
51%
SIC水戸北
51%
PA四倉
51%
ICいわき中央
49%
ICいわき四倉
49%
PA美野里
48%
IC日立南太田
48%
IC利府しらかし台
46%
IC常磐双葉
45%
SA/SIC南相馬鹿島
45%
SIC石岡小美玉
43%
JCT仙台若林
40%
IC仙台港北
38%
IC仙台港北
38%
PA田野
35%
SIC名取中央
34%
SIC山元南
32%
PA湯ノ岳
31%
PA関本
29%

Score Distribution

Percentile by Number Answered

Percent of People with Each Score

Your Score History

You have not taken this quiz